000 00670nam a2200217Ia 4500
003 GCL
008 140319s9999 xx 000 0 ara d
040 _aGCL /
_cGCL
082 0 4 _a701
_bس ت
100 1 _aعيسى عصفور (مترجم)
245 1 0 _aتقابل الفنون /
_cعيسى عصفور (مترجم)
700 1 _aسوريو، ايتيان
700 1 _aبدرالدين القاسم الرفاعى
490 _aدراسات نقدية عالمية
_v0
650 0 4 _aالفنون الجميلة
650 0 4 _aالموسيقى
650 0 4 _aالفن
650 0 4 _aالفنون
650 0 4 _aعلم الجمال المقارن
942 _2ddc
_cBK
999 _c48488
_d48488